1880 1823 1881 1051 1910 1560 1276 1875 1211 1224 1103 1048 1788 1220 1003 1449 1834 1329 1984 1868 1358 1276 1963 1010 1125 1590 1495 1982 1310 1498 1052 1197 1220 1601 1906 1096 1897 1898 1523 1031 1144 1878 1259 1923 1060 1885 1368 1999 1607 1792 1066 1777 1261 1822 1584 1432 1475 1367 1167 1305 1710 1339 1270 1665 1937 1391 1344 1967 1844 1389 1642 1155 1129 1852 1811 1525 1345 1598 1201 1493 1720 1141 1052 1670 1896 1323 1880 1653 2000 1305 1661 1331 1694 1621 1192 1034 2000 1977 1282 BCNSPRNW ULIB Ver.6.0+V

เปลี่ยนเป็นภาษาไทย

Change to English
 แสดงรายละเอียดบรรณานุกรม
  กลับหน้าหลัก

Brief Record : Get Marc (ISO 2709) : E-mail record : QR code < ปิดหน้าต่าง
LEADER : 00000nam 2200000uu 4500
001    13399122361
003     ULIB
008    130222s2555||||th 000 0 tha d
099    วจ.WM165^bป347ก
100 0  ประภาศ อุครานันท์ คณะ
245 00 การพัฒนาแบบคัดกรองผู้ที่เสี่ยงต่อการฆ่าตัวตาย (SU-9)^cโดยประภาศ อุครานันท์ คณะ
260    ขอนแก่น:^bโรงพยาบาลจิตเวชขอนแก่นราชนครินทร์,^c2555
300    97 หน้า
650  0 การฆ่าตัวตาย^bความเสี่ยง^xวิจัย
945    ^p0^l0^i033610
999    ^aเกษร โพธิ์สุวรรณ
รายการนี้ยังไม่มีแท็ก
คุณยังไม่ได้ล็อกอิน คุณสามารถมีกิจกรรมร่วมกับเว็บไซต์ได้ แต่ต้องล็อกอินก่อน ::
  ล็อกอิน

รายการสื่อสารสนเทศ

ลำดับที่ ประเภท เลขเรียก/บาร์โค้ด สถานที่ สถานะ
1. งานวิจัย
งานวิจัย
วจ.WM165 ป347ก  
  Barcode: 033610
ห้องสมุดวิทยาเขตสวรรค์ประชารักษ์
►วิจัย
บนชั้น

BibComment


ยังไม่เคยถูกคอมเมนท์

คอมเมนท์ทรัพยากรรายการนี้
  คอมเมนท์: การพัฒนาแบบคัดกรอ..


 Copyright 2026. Bcnsprnw @Library